banner-ar

VOLKSKUNDLICHE SAMMLUNGEN / (Record no. 12090)

MARC details
000 -الفاتح
حقل البيانات ثابتة الطول 00376nam a2200145Ia 4500
040 ## - مصدر الفهرسة
وكالة الفهرسة الأصلية GCL /
وكالة النسخ GCL
082 04 - رقم تصنيف ديوى العشرى
رقم التصنيف 745
رقم المادة M V
100 1# - المدخل الرئيسى - إسم شخصى
الإسم الشخصى MUSEUM FUR VOLKSKUNDE BASEL
245 10 - بيان العنوان
العنوان VOLKSKUNDLICHE SAMMLUNGEN /
بيان المسئوليه,etc MUSEUM FUR VOLKSKUNDE BASEL
260 ## - PUBLICATION, DISTRIBUTION, ETC. (IMPRINT)
تاريخ النشر أو التوزيع 1953
300 ## - الوصف المادى
التعداد 30 P
650 04 - المدخل الاضافى بالموضوع-مصطلح موضوعى
مصطلح موضوعي FOLK - ART
942 ## - عناصر المدخل الإضافي( كوها)
مصدر التصنيف او مخطط الترفيف Dewey Decimal Classification
Koha [default] item type كتاب
260 ## - PUBLICATION, DISTRIBUTION, ETC. (IMPRINT)
-- [S.N] :
-- VERLAGSBUCHHANDLUNG A. G. ،
Holdings
حالة التراجع حالة الفقد حالة تلف ليس للاعارة المكان المؤقت الموقع الحالى تاريخ الاكتساب اجمالي اﻻعارات رقم الطلب الباركود تاريخ اخر مشاهدة تاريخ تفعيل السعر نوع وعاء كوها
        مكتبة القاهرة الكبرى مكتبة القاهرة الكبرى 03/26/2014   745\M V 23668 03/26/2014 03/26/2014 كتاب

Powered By

EGPV